00311nam a2200121Ia 4500008004100000082001500041100001500056245004900071250000800120260004500128300000800173650000800181191201s2009 xx 000 0 und d a658.3bSUH aSUBBARAO,P 0aHuman Resource Management and industrial ... aRep aN. delhibHimala Publication Housec2009 a613 aBBA